011340000a22002770004500003001100000008004100011020001500052040003900067041000800106082001500114245002800129260005400157300000900211650003000220650005400250650003000304650005000334650004900384650001900433650003500452650003900487650004000526650003600566650022500602650002900827LK-CoMWRAF230817t ||||| |||| 00| 0 eng d a9240370149 aLK-CoMWRAFdLK-CoMWRAFeLK-CoMWRAF aeng a152.7bHUM aHuman Rights in Islamb bInternational Commission of JuristsaKuwaitc1980 ap.95 aConclusion of the Seminar aEconomics of Human Rights: An Islamic Perspective aForeigners in Islamic Law aHuman Rights and Judicial Safeguards in Islam aIslamic Law and the Concept of Humman Rights aLaw and Sharia aLegal Status of Women in Islam aMuslim Minorities and Human Rights aPosition and Role of Women in Islam aPurpose and aims of the Seminar aRecommendation of the Seminar (Economics, Education, Right to Work, Rights of Minorities, Civil and Political Rights, Legal Protection of Human Rights, Women's Rights and Status, General Recommendations, Final Resolution aStatus of Women in Islam